Honkai Impact part 2 Battlesuits - Statistics

General Stats
  • This quiz has been taken 8 times
  • The average score is 4 of 8
Answer Stats
Hint Answer % Correct
Senadina Deepspace Anchor
63%
Songque Jovial Deception: Shadowdimmer
63%
Sparkle Thousand-Faced Maestro
63%
Vita Lone Planetfarer
50%
Erdos Helia Valkyrie Boltstorm
50%
Coralie Planck Valkyrie Blastmetal
38%
'Lantern' Lone Destruction:Shadowcaster
25%
Thelema Nutriscu Mad Pleasure:Shadowbringer
25%
No matching quizzes found
Score Distribution
Percent of People with Each Score
Percentile by Number Answered
Your Score History
You have not taken this quiz